| 000 | 01612nam a2200397 a 4500 | ||
|---|---|---|---|
| 001 | 0132934 | ||
| 003 | DO-SdBNP | ||
| 005 | 20180309123955.0 | ||
| 006 | 0132934 | ||
| 008 | 091123s2008 dr a 000 0 spa d | ||
| 020 | _a9789945111859 | ||
| 040 |
_aBPMSU _bspa _cBPMSU |
||
| 049 | _a | ||
| 082 | 0 | 4 |
_a372.6561 _bI37e 2do. 2008 v. 3 Guía |
| 100 | 1 | _aInchástegui, María Isabel | |
| 245 | 1 | 0 |
_aEspañol 2 _cMaría Isabel Incháustegui ; dirección editorial Obdulia García de Escobar ; ilustraciones Ruddy Núñez. _b[educación básica] / |
| 246 | 1 | 3 | _aEspañol 2 : guía básica |
| 260 |
_aSanto Domingo : _bSantillana, _c2008. |
||
| 300 |
_a176 p. : _bil. ; _c29 cm. |
||
| 490 | 1 | _aCoral | |
| 500 | _aLa biblioteca posee la Guía | ||
| 500 | _aLa guía español 2 de básica | ||
| 505 |
_tBuenos amigos -- _tLa tortuga y la cotorra -- _tEl coleccionista -- _tEl tesoro del bosque -- _tNochebuena -- _tEl jarrón del lago -- _tEl ruiseñor de la China -- _tLa niña que quería la luna -- _tEl coleccionista -- _tLa casa del león -- _t¡Qué raro! -- _tEl banquete. |
||
| 650 | 4 |
_aESPAÑOL _xENSEÑANZA BÁSICA |
|
| 650 | 4 |
_aESPAÑOL _xEDUCACIÓN BÁSICA |
|
| 650 | 4 |
_aESPAÑOL _xESTUDIO Y EJERCICIOS |
|
| 650 | 4 |
_aESPAÑOL _xLIBROS DE TEXTOS |
|
| 650 | 4 |
_aEDUCACÍÓN BÁSICA _zREPÚBLICA DOMINICANA |
|
| 700 | 1 |
_aGarcía Escobar, Obdulia de, _eed. |
|
| 700 | 1 |
_aNúñez, Ruddy, _eil. |
|
| 830 | 0 | _aCoral | |
| 910 | _aValidado. Control de calidad MFF | ||
| 942 |
_2ddc _cBK |
||
| 945 | _a Remanejado para la BNPHU / 2018 VM | ||
| 956 |
_aVMATEO _b10 _c20160510 _lBPMSU _h0069 |
||
| 999 |
_c10058 _d10058 |
||